<?xml version="1.0" encoding="UTF-8"?>
<resp>
  <nextPage>https://data.bn.org.pl/api/networks/bibs.marcxml?marc=001+b00001150001146&amp;sinceId=1150001147</nextPage>
  <collection>
    <record xmlns='http://www.loc.gov/MARC21/slim'><leader>01688namZa2200457ZiZ4500</leader><controlfield tag='001'>b00001150001146</controlfield><controlfield tag='005'>20260404091732.9</controlfield><controlfield tag='008'>230609s        pl           |000 0 pol c</controlfield><controlfield tag='009'>9913261541605606</controlfield><datafield ind1=' ' ind2=' ' tag='020'><subfield code='a'>8373372717</subfield></datafield><datafield ind1=' ' ind2=' ' tag='035'><subfield code='a'>KR_1KR_1_20120317233358058017-48omnis_kr</subfield></datafield><datafield ind1=' ' ind2=' ' tag='035'><subfield code='a'>KR_1_20120317233358058017</subfield><subfield code='9'>ExL</subfield></datafield><datafield ind1=' ' ind2=' ' tag='035'><subfield code='a'>(PL)b00001150001146</subfield></datafield><datafield ind1=' ' ind2=' ' tag='040'><subfield code='a'>KR_1</subfield><subfield code='c'>KR_1</subfield></datafield><datafield ind1='1' ind2=' ' tag='041'><subfield code='a'>pol</subfield><subfield code='h'>eng</subfield></datafield><datafield ind1='1' ind2=' ' tag='100'><subfield code='a'>Binchy, Maeve.</subfield></datafield><datafield ind1='1' ind2='0' tag='245'><subfield code='a'>Jej największa miłość /</subfield><subfield code='c'>Maeve Binchy ; przeł. Teresa Sośnicka.</subfield></datafield><datafield ind1='1' ind2=' ' tag='246'><subfield code='i'>Tyt. oryg.:</subfield><subfield code='a'>Scarlett feather.</subfield></datafield><datafield ind1=' ' ind2=' ' tag='260'><subfield code='a'>Warszawa :</subfield><subfield code='b'>Prószyński i S-ka,</subfield><subfield code='c'>2002.</subfield></datafield><datafield ind1=' ' ind2=' ' tag='300'><subfield code='a'>573, [2] s. ;</subfield><subfield code='c'>21 cm.</subfield></datafield><datafield ind1='1' ind2=' ' tag='490'><subfield code='a'>Biblioteczka &quot;Pod Różą&quot;</subfield></datafield><datafield ind1=' ' ind2=' ' tag='500'><subfield code='a'>p</subfield></datafield><datafield ind1=' ' ind2=' ' tag='501'><subfield code='a'>Tyt. oryg.: &quot;Scarlett feather&quot; 2000.</subfield></datafield><datafield ind1=' ' ind2='9' tag='650'><subfield code='a'>Powieść irlandzka</subfield><subfield code='y'>20 w.</subfield></datafield><datafield ind1='1' ind2=' ' tag='700'><subfield code='a'>Sośnicka, Teresa</subfield><subfield code='e'>Tł.</subfield></datafield><datafield ind1=' ' ind2=' ' tag='852'><subfield code='8'>225386330008216</subfield><subfield code='j'>1</subfield><subfield code='b'>KR_6_1</subfield><subfield code='p'>255000119690</subfield><subfield code='c'>SZAS_KS</subfield></datafield><datafield ind1=' ' ind2=' ' tag='852'><subfield code='8'>225386420008216</subfield><subfield code='j'>1</subfield><subfield code='b'>KR_6_2</subfield><subfield code='p'>256000110045</subfield><subfield code='c'>BLIN_KS</subfield></datafield><datafield ind1=' ' ind2=' ' tag='852'><subfield code='8'>225386370008216</subfield><subfield code='j'>1</subfield><subfield code='b'>KR_6_3</subfield><subfield code='p'>257000175553</subfield><subfield code='c'>POLI_KS</subfield></datafield><datafield ind1=' ' ind2=' ' tag='852'><subfield code='8'>22795989230008210</subfield><subfield code='j'>1</subfield><subfield code='b'>F03</subfield><subfield code='p'>10079682</subfield><subfield code='c'>UBYTKI_F03</subfield></datafield><datafield ind1=' ' ind2=' ' tag='852'><subfield code='8'>22795989270008210</subfield><subfield code='j'>1</subfield><subfield code='b'>F01</subfield><subfield code='p'>10104025</subfield><subfield code='c'>UBYTKI_F01</subfield></datafield><datafield ind1=' ' ind2=' ' tag='852'><subfield code='8'>22795989210008210</subfield><subfield code='j'>1</subfield><subfield code='b'>F11</subfield><subfield code='p'>10054216</subfield><subfield code='c'>UBYTKI_F11</subfield></datafield><datafield ind1=' ' ind2=' ' tag='852'><subfield code='8'>22795989190008210</subfield><subfield code='j'>1</subfield><subfield code='b'>F16</subfield><subfield code='p'>10089183</subfield><subfield code='c'>UBYTKI_F16</subfield></datafield><datafield ind1=' ' ind2=' ' tag='852'><subfield code='8'>22795989250008210</subfield><subfield code='j'>1</subfield><subfield code='b'>F12</subfield><subfield code='p'>10126134</subfield><subfield code='c'>UBYTKI_F12</subfield></datafield><datafield ind1=' ' ind2=' ' tag='852'><subfield code='8'>22795989170008210</subfield><subfield code='j'>1</subfield><subfield code='b'>F09</subfield><subfield code='p'>10091557</subfield><subfield code='c'>UBYTKI_F09</subfield></datafield><datafield ind1=' ' ind2=' ' tag='852'><subfield code='b'>48OMNIS_KR</subfield><subfield code='8'>991000011459708216</subfield></datafield><datafield ind1=' ' ind2=' ' tag='852'><subfield code='b'>48OMNIS_MBPG</subfield><subfield code='8'>991002399259708210</subfield></datafield><datafield ind1=' ' ind2=' ' tag='852'><subfield code='b'>48OMNIS_NETWORK</subfield><subfield code='8'>9913261541605606</subfield></datafield><datafield ind1=' ' ind2=' ' tag='920'><subfield code='a'>83-7337-271-7</subfield></datafield></record>
  </collection>
</resp>
